| 000 | 00505nam a22001457a 4500 | ||
|---|---|---|---|
| 082 | _a621.3 | ||
| 100 | _aKazmi, Aymen | ||
| 245 |
_aDesign, Fabrication and Characterization of High Gain FSS Rectenna for Wireless Power Transmission / _cAymen Kazmi |
||
| 260 |
_aIslamabad : _bMCS - NUST, _c2017. |
||
| 300 |
_a92 p. ; _c30cm. |
||
| 650 |
_aElectrical Engineering-MS-Thesis _916073 |
||
| 700 |
_aDr. Farroq Ahmed Bhatti _935382 |
||
| 942 |
_2ddc _cTHE |
||
| 999 |
_c541055 _d541055 |
||